Spanyol dinasztikus alternatíva a karlisták

Elmentve itt :
Bibliográfiai részletek
További közreműködők: Polácska Edina
Dokumentumtípus: Könyv
Megjelent: JATEPress Szeged 2008
Sorozat:Documenta Historica
Kulcsszavak:Spanyolország története - 19. sz.
Tárgyszavak:
Online Access:http://acta.bibl.u-szeged.hu/38323
LEADER 00669nam a2200193 i 4500
001 acta38323
005 20230321231055.0
008 161201s2008 hu o 0|| hun d
040 |a SZTE Egyetemi Kiadványok Repozitórium  |b hun 
041 |a hun 
245 0 0 |a Spanyol dinasztikus alternatíva   |h [elektronikus dokumentum] :  |b a karlisták 
260 |a JATEPress  |b Szeged  |c 2008 
300 |a 47  |c 21 cm 
490 0 |a Documenta Historica 
650 4 |a Bölcsészettudományok 
650 4 |a Történettudomány és régészet 
695 |a Spanyolország története - 19. sz. 
700 0 1 |a Polácska Edina 
856 4 0 |u http://acta.bibl.u-szeged.hu/38323/1/doc_081.pdf  |z Dokumentum-elérés